000 00744cam a22002653a 4500
001 72
003 PGUSA
005 20140828082943.0
008 930701s1993||||xxu|||||s|||||000 1 eng d
040 _aPGUSA
_beng
042 _adc
050 4 _aPS
100 1 _aBurroughs, Edgar Rice,
_d1875-1950
245 1 0 _aThuvia, Maid of Mars
_h[electronic resource] /
_cEdgar Rice Burroughs
260 _bProject Gutenberg,
_c1993
500 _aBarsoom series, volume 4
506 _aPublic domain in the USA.
516 _aElectronic text
653 _aMars (Planet) -- Fiction
653 _aMartians -- Fiction
653 _aScience fiction
830 0 _aProject Gutenberg
_v72
856 4 0 _uhttp://www.gutenberg.org/ebooks/72
942 _cEB
999 _c229443
_d229443